01244nam a2200301 a 450000100100000000500170001000800410002704000250006804100390009308200180013210000240015024000450017424501480021926000310036730000330039849000150043149000300044650400430047653400940051950000210061365000230063470000390065770000460069683000520074204900090079495201220080399900170092500002357120200930022322.0101214s1969 sp a r 001 0 spa d aDO-SdBNPbspacBNPHU17aspaheng2Código de idiomas MARC a534.55bB649f1 aBlitz, Jack,94858410aFundamentals of ultrasonics.lEspañol.10aFundamentos de los ultrasonidos /cJack Blitz ; traducción José Aguilar Peris... con la colaboración de Carlos García-Legaz Martínez. aMadrid :bAlhambra,c1969. avii, 292 p. :bil. ;c20 cm.1 aExedrav571 aSección II, Físicav5 aIncluye notas al pie de las páginas. pTítulo original en inglés:tFundamentals of ultrasonics.cLondon : Butterworths & Co. aIncluye índice 4aUltrasonido9485851 aAguilar Peris, José,etr.9485861 aGarcía-Legaz Martínez, Carlos,948587 0aExedra.pSección II, Física ;v57n5948588 aBNGR 001052708MOaGRbGRcCTd2010-12-14iLF1l0o534.55 B649fp23571-10r2020-06-25w2020-06-25y2ZPréstamo interno c23067d23067